At the gates of mercy: (Record no. 4966)

000 -LEADER
fixed length control field 00590nam a2200181 a 4500
001 - CONTROL NUMBER
control field :::00002707$&:&@@
003 - CONTROL NUMBER IDENTIFIER
control field OkBaRHE
005 - DATE AND TIME OF LATEST TRANSACTION
control field 20000607103256.0
008 - FIXED-LENGTH DATA ELEMENTS--GENERAL INFORMATION
fixed length control field s1938 j 000 0 eng u
040 ## - CATALOGING SOURCE
Transcribing agency
100 1# - MAIN ENTRY--PERSONAL NAME
Personal name Webb, John H.
245 10 - TITLE STATEMENT
Title At the gates of mercy:
Remainder of title New Testament sermons on short texts.
260 ## - PUBLICATION, DISTRIBUTION, ETC. (IMPRINT)
Place of publication, distribution, etc Grand Rapids, MI., :
Name of publisher, distributor, etc Zondervan Publishing House
Date of publication, distribution, etc c1938
300 ## - PHYSICAL DESCRIPTION
Extent 96 p. ;
Dimensions 19 cm.
650 ## - SUBJECT ADDED ENTRY--TOPICAL TERM
Topical term or geographic name as entry element Bible New Testament
General subdivision Sermons
942 ## - ADDED ENTRY ELEMENTS (KOHA)
Source of classification or shelving scheme
Koha item type Books
Copies
Full call number Lost status Permanent Location Damaged status Copy number Shelving location Source of classification or shelving scheme Not for loan Date acquired Price effective from Date last seen Koha item type Barcode Withdrawn status
BS 2335 .W388 RHEMA Bible Training College 1General Stacks  2010-04-142010-04-142018-03-16Books2707